000 00483nam a2200181Ia 4500
001 23480
005 20260414150940.0
008 260414t2011||||xx |||||||||||||| ||spa||
041 _aESP
082 _a650.1
_bM53
100 _aMichelli, Joseph A.
_eAUT
245 0 _aLa experiencia starbucks :
_b5 principios para convertir lo ordinario en extraordinario
260 _c2011
300 _a212 páginas :
_c23 cm.
650 _aGEN
654 _aCCO
942 _cLIB
_dJUS
_fJUS
_2ddc
_n
999 _c23480
_d23480